000 01803nam0a2200349 4500
001 RU\NLR\bibl\266555
005 20260407073812.0
021 _aRU
_b2001-64472
_93134
035 _a(NLR Aleph) 000262125
090 _a1531354
_c1531354
100 _a20020517d2001 |||y0rusy50 ca
101 0 _arus
102 _aRU
105 _ay |||||||||
200 1 _aII Российская научно-практическая конференция "Недержание мочи у женщин: диагностика, лечение, результаты", Санкт-Петербург, 13-14 дек. 2001
210 _aСПб.
_cБ. и.
_d2001
215 _a88 с.
_d21
300 _aВ надзаг.: М-во здравоохранения России, Рос. ассоц. акушеров и генекологов, Рос. науч. о-во урологов
606 0 _aНедержание мочи у женщин
_jСъезды, совещания и т.п.
_91148966
_3RU\NLR\auth\66458343
606 0 _aМоча
_jСъезды, совещания и т.п.
_xНедержание у женщин
_92222316
_3RU\NLR\auth\661334356
610 0 _aМочеиспускание - Расстройства у женщин
675 _a616.62-008.222-055.2
_v3
_zrus
686 _a76.29
_2rugasnti
686 _a56.9
_2rubbk
686 _aР696.024.1я431(2)
710 1 2 _a"Недержание мочи у женщин: диагностика, лечение, результаты", российская научно практическая конференция
_d2
_f2001
_eСанкт-Петербург
_3RU\NLR\AUTH\8810037738
_9574207
801 0 _aRU
_bRKP
_c20020517
_gPSBO
801 1 _aRU
_bRKP
_c20020517
801 2 _aRU
_bNLR
_c20051006
_grcr
942 _cBOOK
980 _aNB